Statistics for Albums Titles

Click here to take the quiz!

General Stats

  • This quiz has been taken 21 times
  • The average score is 23 of 42

Answer Stats

HintArtistAlbum% Correct
Us And ThemPink FloydDark Side Of The Moon
89%
Here Comes The SunThe BeatlesAbbey Road
83%
Beat ItMichael JacksonThriller
83%
Where The Streets Have No NameU2Joshua Tree
78%
Go Your Own WayFleetwood MacRumours
78%
Stairway To HeavenLed ZeppelinLed Zeppelin IV
72%
Wouldn't It Be NiceThe Beach BoysPet Sounds
72%
Eleanor RigbyThe BeatlesRevolver
72%
A Day In The LifeThe BeatlesSgt. Pepper's Lonely Hearts Club Band
72%
Bohemian RhapsodyQueenA Night At The Opera
67%
Saturday Night's Alright (For Fighting)Elton JohnGoodbye Yellow Brick Road
67%
Life In The Fast LaneThe EaglesHotel California
67%
Sweet Child O' MineGuns N' RosesAppetite For Destruction
61%
Locomotive BreathJethro TullAqualung
61%
Foxey LadyJimi HendrixAre You Experienced
61%
You Shook Me All Night LongACDCBack In Black
61%
Tenth Avenue Freeze-OutBruce SpringsteinBorn To Run
61%
More Than A FeelingBostonBoston
61%
Tumblin' DiceThe Rolling StonesExile On Main Street
61%
Smells Like Teen SpiritNirvanaNevermind
61%
Brown SugarThe Rolling StonesSticky Fingers
61%
My Sweet LordGeorge HarrisonAll Things Must Pass
56%
When Doves CryPrince and the RevolutionPurple Rain
56%
Won't Get Fooled AgainThe WhoWho's Next
56%
Deacon BluesSteely DanAja
50%
Bell Bottom BluesDerek And The DominosLayla And Other Assorted Love Longs
50%
Iron ManBlack SabbathParanoid
50%
Sir DukeStevie WonderSongs In The Key Of Life
50%
I Feel The Earth MoveCarole KingTapestry
50%
Suffragette CityDavid BowieThe Rise And Fall Of Ziggy Stardust...
50%
Mercy Mercy MeMarvin GayeWhat's Going On
50%
Rainy Day Women #12 And 35Bob DylanBlonde On Blonde
39%
Tangled Up In BlueBob DylanBlood On the Tracks
39%
Smoke On The WaterDeep PurpleMachine Head
39%
Tom SawyerRushMoving Pictures
39%
Maggie MayRod StewartEvery Picture Tells A Story
28%
Free BirdLynyrd SkynyrdLynyrd Skynyrd (Pronounded "Leh-Nerd Skin-Nerd")
28%
Oye Como VaSantanaAbraxas
22%
Higher GroundStevie WonderInnervisions
17%
The WeightThe BandMusic From Big Pink
17%
Brown Eyed GirlVan MorrisonBlowin' Your Mind
11%
Respect (Not Otis Redding version)Aretha FranklinI Never Loved A Man The Way I Love You
6%

Score Distribution

Percentile by Number Answered

Percent of People with Each Score

Your Score History

You have not taken this quiz